000 00562nam a22001577a 4500
003 MACL
005 20150704130347.0
008 150704b xxu||||| |||| 00| 0 eng d
040 _cMACL
082 _a741.642
100 _aहाशमी, सफदर
_9545
245 _aनाटक की दुनिया, व‍ि‍भिन्‍न वस्‍तुओं की खोज
260 _aनई दिल्‍ली
_bसहमत प्रकाशन
_c2006
650 _aचिल्‍ड्रन बुक्‍स
_9343
942 _2ddc
_cHIN
999 _c49977
_d49977